| 000 | 00798cam a2200313 4500 | ||
|---|---|---|---|
| 008 | 090401t1988 xxu||||| |||| 00| 0 eng d | ||
| 020 | _a0333463781 | ||
| 035 | _a(Sirsi) u45873 | ||
| 041 | _aeng | ||
| 050 | _a333.337 | ||
| 100 | _aBalchin, P. | ||
| 245 | _aUrban land economics and public policy | ||
| 250 | _a4th ed. | ||
| 260 |
_aBasingstoke _bMacmillan Education _c1988 |
||
| 300 | _axv,344p. ; 24cm. | ||
| 350 | _a12.5 | ||
| 490 | _aMacMillan Building and Surveying Series | ||
| 650 | _aBUILDING INDUSTRY | ||
| 650 | _aDEVELOPMENT | ||
| 650 | _aHOUSING | ||
| 650 |
_aLand use _96251 |
||
| 650 | _aPROPERTY INVESTMENT | ||
| 650 | _aPROPERTY | ||
| 650 | _aURBAN AREAS | ||
| 700 | _aKieve, Jeffrey L | ||
| 700 | _aBull, Gregory H | ||
| 942 | _n0 | ||
| 948 | _c04/03/1997 | ||
| 999 |
_c91839 _d91839 |
||